000 00285nam a22001337a 4500
008 181009b xxu||||| |||| 00| 0 eng d
020 _a0155066811
041 _aeng
080 _26th
_a371
100 _a25
101 _aEDU
245 _aCollege Reading
_cMaker,J
942 _2udc
_cBK
999 _c49118
_d49118